Normal view
MARC view
- Javed,Mohammad Zohair, & Mirza,Fazle Khaliq
Entry Personal Name
001 - CONTROL NUMBER
- control field: 4979
003 - CONTROL NUMBER IDENTIFIER
- control field: NUST
005 - DATE AND TIME OF LATEST TRANSACTION
- control field: 20170925125201.0
008 - FIXED-LENGTH DATA ELEMENTS
- fixed length control field: 170925|| aca||aabn | a|a d
040 ## - CATALOGING SOURCE
- Original cataloging agency: NUST
- Transcribing agency: NUST
100 ## - HEADING--PERSONAL NAME
- Personal name: Javed,Mohammad Zohair, & Mirza,Fazle Khaliq
670 ## - SOURCE DATA FOUND
- Source citation: Work cat.: (NUST): Javed,Mohammad Zohair, & Mirza,Fazle Khaliq, Micro level perceptions and macro realities a district level analysis for Pakistan, 2013
